How many times can you type a in 15 seconds - Statistics

General Stats
  • This quiz has been taken 197 times
  • The average score is 176 of 300
Answer Stats
Amount a % Correct
1 a
100%
2 a
100%
3 a
100%
4 a
100%
5 a
100%
6 a
100%
7 a
100%
8 a
100%
9 a
100%
10 a
100%
11 a
99%
12 a
99%
13 a
99%
14 a
99%
15 a
99%
16 a
99%
17 a
99%
18 a
99%
19 a
99%
20 a
99%
21 a
99%
22 a
99%
23 a
98%
24 a
98%
25 a
98%
26 a
98%
27 a
98%
28 a
98%
29 a
98%
30 a
98%
31 a
97%
32 a
97%
33 a
97%
34 a
97%
35 a
97%
36 a
97%
37 a
97%
38 a
97%
39 a
97%
40 a
97%
41 a
97%
42 a
97%
43 a
97%
44 a
96%
45 a
96%
46 a
96%
47 a
96%
48 a
96%
49 a
96%
50 a
96%
51 a
96%
52 a
96%
53 a
96%
54 a
96%
55 a
96%
56 a
96%
57 a
96%
58 a
96%
59 a
96%
60 a
96%
61 a
96%
62 a
96%
63 a
93%
64 a
91%
65 a
91%
66 a
90%
67 a
90%
68 a
90%
69 a
90%
70 a
88%
71 a
88%
72 a
88%
73 a
88%
74 a
88%
75 a
87%
76 a
87%
77 a
87%
78 a
87%
79 a
86%
80 a
86%
81 a
86%
82 a
86%
83 a
84%
84 a
84%
85 a
84%
86 a
82%
87 a
82%
88 a
81%
89 a
81%
90 a
81%
91 a
80%
92 a
80%
93 a
80%
94 a
80%
95 a
78%
96 a
78%
97 a
77%
98 a
77%
99 a
74%
100 a
72%
101 a
70%
102 a
69%
103 a
68%
104 a
67%
105 a
65%
106 a
65%
107 a
64%
108 a
63%
109 a
63%
110 a
62%
111 a
62%
112 a
62%
113 a
60%
114 a
60%
115 a
57%
116 a
56%
117 a
56%
118 a
54%
119 a
53%
120 a
52%
121 a
52%
122 a
51%
123 a
51%
124 a
51%
125 a
49%
126 a
49%
127 a
47%
128 a
47%
129 a
47%
130 a
47%
131 a
46%
132 a
45%
133 a
45%
134 a
45%
135 a
45%
136 a
45%
137 a
45%
138 a
45%
139 a
45%
140 a
45%
141 a
45%
142 a
45%
143 a
45%
144 a
43%
145 a
43%
146 a
43%
147 a
43%
148 a
43%
149 a
43%
150 a
43%
151 a
41%
152 a
41%
153 a
41%
154 a
41%
155 a
41%
156 a
41%
157 a
41%
158 a
41%
159 a
41%
160 a
41%
161 a
41%
162 a
41%
163 a
41%
164 a
41%
165 a
41%
166 a
41%
167 a
41%
168 a
41%
169 a
41%
170 a
41%
171 a
41%
172 a
41%
173 a
41%
174 a
41%
175 a
41%
176 a
41%
177 a
41%
178 a
41%
179 a
41%
180 a
40%
181 a
40%
182 a
40%
183 a
40%
184 a
40%
185 a
40%
186 a
40%
187 a
40%
188 a
40%
189 a
40%
190 a
40%
191 a
40%
192 a
40%
193 a
40%
194 a
40%
195 a
40%
196 a
40%
197 a
40%
198 a
40%
199 a
40%
200 a
40%
201 a
40%
202 a
40%
203 a
40%
204 a
40%
205 a
40%
206 a
40%
207 a
40%
208 a
40%
209 a
40%
210 a
40%
211 a
40%
212 a
40%
213 a
40%
214 a
40%
215 a
40%
216 a
40%
217 a
40%
218 a
40%
219 a
40%
220 a
40%
221 a
40%
222 a
40%
223 a
40%
224 a
40%
225 a
40%
226 a
39%
227 a
39%
228 a
39%
229 a
39%
230 a
39%
231 a
39%
232 a
39%
233 a
39%
234 a
39%
235 a
39%
236 a
39%
237 a
39%
238 a
39%
239 a
39%
240 a
39%
241 a
39%
242 a
39%
243 a
39%
244 a
39%
245 a
38%
246 a
38%
247 a
38%
248 a
38%
249 a
38%
250 a
38%
251 a
38%
252 a
38%
253 a
38%
254 a
38%
255 a
38%
256 a
38%
257 a
38%
258 a
38%
259 a
38%
260 a
38%
261 a
38%
262 a
38%
263 a
38%
264 a
38%
265 a
37%
266 a
37%
267 a
36%
268 a
36%
269 a
36%
270 a
36%
271 a
36%
272 a
36%
273 a
36%
274 a
36%
275 a
34%
276 a
33%
277 a
33%
278 a
33%
279 a
32%
280 a
32%
281 a
32%
282 a
32%
283 a
31%
284 a
31%
285 a
29%
286 a
29%
287 a
29%
288 a
29%
289 a
28%
290 a
28%
291 a
28%
292 a
28%
293 a
28%
294 a
28%
295 a
28%
296 a
28%
297 a
28%
298 a
28%
299 a
28%
300 a
28%
No matching quizzes found
Score Distribution
Percent of People with Each Score
Percentile by Number Answered
Your Score History
You have not taken this quiz